00250nam a2200085Ia 4500001000800000005001700008008004100025245006400066260003400130114315220250827010150.0250824s9999 xx 000 0 und d 0aGÜZEL YAZILAR ŞİİRLER Ü2 21cİSMAİL PARLATIR bTÜRK DİL KURUMU YAYINLARI